El concepto de necesidad y políticas de bienestar: una lectura comparada de Heller, Sen y el G.P.I.D
Saved in:
| Hovedforfatter: | |
|---|---|
| Format: | Bog |
| Sprog: | spansk |
| Udgivet: |
Buenos Aires
Espacio
1999
|
| Udgivelse: | 1a. ed |
| Serier: | Ciencias Sociales. Novedades
|
| Fag: | |
| Tags: |
Tilføj Tag
Ingen Tags, Vær først til at tagge denne postø!
|
MARC
| LEADER | 00000nam a2200000 a 4500 | ||
|---|---|---|---|
| 001 | UCK5322 | ||
| 003 | CL-VaPUC | ||
| 008 | 050722e19990000AG |||||||||||||||||spa|d | ||
| 020 | |a 9508021039 | ||
| 082 | 0 | 4 | |a 361.001 |b KRM |2 21 |
| 100 | 0 | |a Krmpotic, Claudia Sandra |e author |9 494041 | |
| 245 | 1 | 3 | |a El concepto de necesidad y políticas de bienestar: una lectura comparada de Heller, Sen y el G.P.I.D |
| 250 | |a 1a. ed | ||
| 300 | |a 135 p | ||
| 942 | |c BK | ||
| 945 | |d 20050722 00:00:00 |a cmena | ||
| 260 | |a Buenos Aires |b Espacio |c 1999 | ||
| 650 | 0 | |a Filosofía de las ciencias sociales |9 268057 | |
| 650 | 0 | |a Trabajo social |9 307856 | |
| 650 | 0 | |a Problemas sociales |9 258537 | |
| 650 | 0 | |a Política gubernamental |9 262286 | |
| 650 | 0 | |a Acción social |9 307836 | |
| 583 | |a last modification |c 20050722 00:00:00 |k Rodrigo Vera | ||
| 490 | 0 | |a Ciencias Sociales. Novedades | |
| 999 | |c 313900 |d 313898 | ||
| 952 | |0 0 |1 0 |4 0 |6 361_001000000000000_KRM_1999 |7 0 |8 A |9 385691 |a BIBGIM |b BIBGIM |d 2019-11-22 |i 4147901 |l 1 |o 361.001 KRM 1999 |p 4147901 |r 2024-01-16 |s 2023-07-28 |w 2019-11-22 |y BK |k SSL | ||